000 00656nam a22001937a 4500
003 OSt
005 20250820013343.0
008 250820b |||||||| |||| 00| 0 eng d
020 _a3-8290-8024-7.
040 _aDWCL MAIN LIB
_cOC
082 _aCirc.
100 _aJOUANIN, FRANCIE
245 _aA taste of Provence /
_cJOUANIN, FRANCIE
260 _aGermany :
_b Konemann,
_cc2000.
300 _a384 pages :
_bcolor illustrations ;
_c 17cm.
504 _aIncludes bibliography and index.
648 _2Cooking, French--Provence Style. 2. Provence (France)--Description and travel. 3. Travel. 4. France--Provence.
942 _2ddc
_cBK-CIRC
_kCirc.
_n0
999 _c4094
_d4094